[Event "Corus"]
[Site "Wijk aan Zee 66"]
[Date "2004.01.19"]
[Round "8"]
[White "Anand, Viswanathan"]
[Black "Bareev, Evgeny"]
[Result "1-0"]
[WhiteElo "2766"]
[BlackElo "2714"]
[Annotator "JvR"]
[PlyCount "95"]
[EventDate "2004.??.??"]
[EventCountry "NED"]

1. e4 e6 2. d4 d5 3. Nc3 Nf6 4. Bg5 dxe4 5. Nxe4 Be7 6. Bxf6 Bxf6 7. Nf3 O-O 8.
Qd2 Nd7 9. O-O-O Be7 10. Bd3 b6 11. h4 Bb7 12. Neg5 $5 Nf6 13. c3 Bxf3 14. gxf3
$5 c5 15. dxc5 Qc7 16. Kb1 bxc5 17. Rdg1 $6 ({Known is} 17. Qc2) 17... Rfd8 $2
(17... c4 $1 18. Nxh7 Qd8 $1 19. Nxf8 Bxf8 20. Rd1 cxd3 {(Anand) brings an
edge.}) 18. Qc2 h6 19. Bh7+ Kf8 20. Nxf7 $1 Kxf7 21. Qg6+ Kf8 22. Qxg7+ Ke8 23.
Re1 $6 ({Better is} 23. Bc2 $1 Kd7 24. Qf7 {(Anand), but} Kc8 $1 25. Rg7 Qb6
26. Qxe7 Nd5 27. Qf7 Rb8 {gives counter-play.}) 23... Rd6 $1 24. Qh8+ Bf8 25.
Bg6+ Ke7 26. Rhg1 Rb6 27. Bf5 Kf7 $2 (27... Qf4 $1 28. Rg7+ Kd6 $1 29. Rxe6+
Kd5 30. c4+ $1 Qxc4 31. Rd7+ $1 Nxd7 32. Qg8 $1 Rxb2+ $1 33. Kxb2 Bg7+ $1 34.
Re5+ $1 Kxe5 35. Qxc4 Kxf5+ {(Anand). Black has a plus.}) 28. Bg6+ $2 Ke7 29.
Bc2 {Moves are repeated in a tactical turmoil.} Kf7 $2 {Hereafter, White finds
the winning move.} ({Right is} 29... Ne8 $1 30. Rd1 Rd6) 30. Rg6 $1 Qf4 31.
Reg1 e5 32. Rg7+ Ke6 33. R1g6 Rab8 ({Or} 33... e4 34. Rxf6+ $1 Qxf6 35. Qg8+
Ke5 36. Rf7 Bg7 37. f4+ {(Finkel).}) 34. Qg8+ Kd6 35. Rxf6+ $1 Qxf6 36. Rg6 Kc7
37. Rxf6 Rxf6 38. Qh7+ Kb6 39. Be4 Rd6 40. h5 {White has many advantages.} a6
41. Qf7 Rd2 42. a3 Rd1+ 43. Kc2 Rd6 44. b4 cxb4 45. axb4 Rdd8 46. Qe6+ Rd6 47.
Qc4 Rf6 48. Qd5 1-0

[Event "Corus"]
[Site "Wijk aan Zee 66"]
[Date "2004.01.19"]
[Round "8"]
[White "Leko, Peter"]
[Black "Bologan, Viktor"]
[Result "1-0"]
[WhiteElo "2722"]
[BlackElo "2679"]
[Annotator "JvR"]
[PlyCount "59"]
[EventDate "2004.??.??"]
[EventCountry "NED"]

1. e4 c6 2. d4 d5 3. Nc3 dxe4 4. Nxe4 Nd7 5. Ng5 Ngf6 6. Bd3 e6 7. N1f3 Bd6 8.
Qe2 h6 9. Ne4 Nxe4 10. Qxe4 Qc7 11. O-O b6 12. Qg4 Kf8 13. b3 Bb7 14. Bb2 Nf6
15. Qh4 c5 16. dxc5 Qxc5 $1 {Black improves the theory.} 17. Bxf6 $5 gxf6 18.
Qxf6 Qh5 $1 {The wonderful fight will end quickly.} 19. Rfe1 $2 (19. Qxh8+ $6
Ke7 20. Bg6 $1 Qxg6 21. Qc3 Rg8 {favours Black (Lékó).}) ({Best is} 19. Qd4 $1
Rd8 20. Qf6 Re8 21. Qd4 Rd8 {drawn.}) 19... Rg8 $2 ({Right is} 19... Bxf3 $1
20. Qxf3 Bxh2+ 21. Kh1 Qxf3 22. gxf3 Bd6 23. Re4 $1 {(Lékó).}) 20. Be4 Rxg2+
21. Kxg2 Qg4+ 22. Kh1 Bxe4 23. Rxe4 Qxe4 24. Re1 Qh7 25. Nd4 Ke8 26. Nxe6 Kd7
27. Qf3 Rb8 28. Nd4 Rc8 29. Qh3+ f5 30. Nxf5 1-0

[Event "Corus"]
[Site "Wijk aan Zee 66"]
[Date "2004.01.20"]
[Round "9"]
[White "Kramnik, Vladimir"]
[Black "Anand, Viswanathan"]
[Result "1/2-1/2"]
[WhiteElo "2777"]
[BlackElo "2766"]
[Annotator "JvR"]
[PlyCount "49"]
[EventDate "2004.??.??"]
[EventCountry "NED"]

1. e4 c5 2. Nf3 d6 3. d4 cxd4 4. Nxd4 Nf6 5. Nc3 a6 6. Be2 e5 7. Nb3 Be7 8. Bg5
Be6 9. Bxf6 Bxf6 10. Qd3 Nc6 11. O-O-O Be7 $5 ({Usual is} 11... Nd4) 12. Kb1
O-O 13. Nd5 Bg5 14. h4 $1 {Kramnik plays for a win.} Bxh4 15. g3 Bf6 16. Qf3
Bg5 17. Qh5 h6 18. f4 Bf6 19. Nd2 Nd4 20. Bc4 Rc8 21. c3 Nb5 22. f5 Bxd5 23.
Bxd5 Rxc3 $1 {Anand has started a timely counteraction.} 24. Qg6 $6 ({Better
chances result from} 24. bxc3 $5 Nxc3+ 25. Kc2 Nxd5 $1 26. exd5 Qa5 27. Qf3 {
(Kramnik).}) 24... Qb6 25. Rxh6 $1 (25. Rxh6 Na3+ 26. Ka1 Nc2+ {draws.})
1/2-1/2

[Event "Corus"]
[Site "Wijk aan Zee 66"]
[Date "2004.01.20"]
[Round "9"]
[White "Van Wely, Loek"]
[Black "Adams, Michael"]
[Result "1-0"]
[WhiteElo "2617"]
[BlackElo "2720"]
[Annotator "JvR"]
[PlyCount "191"]
[EventDate "2004.??.??"]
[EventCountry "NED"]

1. d4 Nf6 2. c4 e6 3. Nc3 Bb4 4. Qc2 d5 5. cxd5 Qxd5 6. Nf3 Qf5 7. Qxf5 exf5 8.
a3 Be7 9. e3 Nbd7 10. Bd3 Nb6 11. Bd2 a5 12. Ke2 O-O 13. Rhc1 c6 14. b3 Re8 15.
Ne5 Be6 16. Na4 Nxa4 17. bxa4 Nd5 18. Rcb1 Ra7 19. g3 c5 20. Bb5 Rc8 21. Rc1
cxd4 $6 22. Rxc8+ Bxc8 23. exd4 Be6 24. Kd3 Kf8 25. Nd7+ Kg8 26. Rc1 Ra8 27.
Nc5 Kf8 28. Re1 Nc7 29. Nxb7 Nxb5 30. axb5 Rb8 31. Nxa5 Rxb5 32. a4 Rb2 33. Nc6
Bd6 34. a5 Bd5 35. Rc1 $2 Rb3+ $2 (35... Be4+ 36. Ke3 Rb3+ 37. Ke2 Ba3 {takes
advantage of the blunder.}) 36. Kc2 Ba3 37. Ra1 Rb2+ 38. Kc3 Rb3+ 39. Kc2 Rb2+
40. Kd1 Bd6 41. Ne5 Bxe5 42. dxe5 Ra2 43. Rb1 Ke7 44. Rb6 Bf3+ 45. Kc1 Kd7 46.
Rd6+ Kc8 47. Kb1 Ra4 48. Bc3 Rc4 49. Kb2 g6 50. Kb3 Rc6 51. Kb4 Kc7 52. Rd2 f4
53. gxf4 Bg4 54. Bd4 Kb7 55. Bc5 Ka6 56. Rd8 Be6 57. Rb8 h5 58. h4 Bd5 59. Ra8+
Kb7 60. Rd8 Be6 61. Kb5 Bh3 62. Rd1 Bg4 63. Rd2 Bh3 64. f3 Bf1+ 65. Kb4 Bh3 66.
Rd1 Rc7 67. Kb5 Bd7+ 68. Rxd7 $6 {Loek sees no way to win and tries something.}
Rxd7 69. a6+ Ka8 70. Bd6 Ka7 71. Kc6 Rd8 72. Kc7 Rb8 $2 {The Dutch champion
gets his way.} (72... Ra8 $1 73. Kd7 Kxa6 74. Ke7 Ra7+ 75. Kf6 Kb5 76. Be7 Kc4
77. Kxf7 Kd5 78. e6 Rb7 79. Kf6 Rb6 80. Kxg6 Kxe6 81. Bg5 Rb5 {(Van Wely and
Chuchelov).}) 73. Bc5+ $1 Ka8 74. Kd7 Rb3 75. Be7 Rxf3 76. Bg5 Rc3 77. Ke8 Rc7
78. Be7 Ka7 79. Kxf7 Kxa6 80. e6 Kb7 81. Kf6 Rc6 82. Bf8 Kc7 83. Kf7 Rc4 84.
Bh6 Re4 85. Bg5 Kd6 86. e7 Kd7 87. Kxg6 Ke8 88. Kxh5 Kf7 89. Kg4 Ra4 90. h5 Ra8
91. h6 Kg6 92. f5+ Kf7 93. Kh5 Rh8 94. Be3 Rb8 95. Bd4 Rb1 96. e8=Q+ 1-0

[Event "Corus"]
[Site "Wijk aan Zee 66"]
[Date "2004.01.22"]
[Round "10"]
[White "Topalov, Veselin"]
[Black "Bareev, Evgeny"]
[Result "0-1"]
[WhiteElo "2735"]
[BlackElo "2714"]
[Annotator "JvR"]
[PlyCount "98"]
[EventDate "2004.??.??"]
[EventCountry "NED"]

1. e4 e6 2. d4 d5 3. Nc3 Bb4 4. e5 Ne7 5. a3 Bxc3+ 6. bxc3 c5 7. a4 Qc7 8. Nf3
h6 9. Bd3 b6 10. a5 bxa5 11. O-O c4 $5 {Bareev has a new idea. He gets a
better position soon.} 12. Be2 O-O 13. Re1 Nbc6 14. Bf1 f6 15. Ba3 fxe5 16.
Bxe7 Qxe7 17. Nxe5 Nxe5 18. Rxe5 Qc7 19. g3 Bd7 20. Bh3 Rf6 21. Qc1 a4 22. Qa3
{The queen has to function as a blockader.} Rb8 $1 23. f4 Rb6 24. Kf2 Qb8 25.
Rae1 $2 (25. Ke3 $1 Rb1 26. Rxb1 Qxb1 27. Qd6 {gives sufficient counteraction 
(Bareev).}) 25... Qf8 $1 26. Qxf8+ Kxf8 27. Ke3 g5 $1 28. Bg4 ({Or} 28. fxg5 $5
hxg5 29. Rxg5 Rb2) 28... gxf4+ 29. gxf4 Rb2 30. f5 $6 exf5 31. Bf3 Rxc2 32. Kf4
Rxc3 33. Bh5 Rh3 34. Rxd5 Rh4+ 35. Kg3 Rxh5 36. Rxd7 f4+ 37. Kg4 Rg5+ 38. Kf3
Rf7 39. Rd8+ Kg7 40. Rc8 Rb5 41. Rxc4 Rb3+ 42. Kf2 a3 43. Ra4 f3 44. Ra1 Rb2+
45. Kg1 Rg2+ 46. Kh1 a2 $1 47. Rg1 Kf8 48. Rxg2 f2 $1 49. Rg1 f1=Q $1 0-1

[Event "Corus"]
[Site "Wijk aan Zee 66"]
[Date "2004.01.22"]
[Round "10"]
[White "Van Wely, Loek"]
[Black "Bologan, Viktor"]
[Result "0-1"]
[WhiteElo "2617"]
[BlackElo "2679"]
[Annotator "JvR"]
[PlyCount "50"]
[EventDate "2004.??.??"]
[EventCountry "NED"]

1. d4 Nf6 2. c4 e6 3. Nf3 b6 4. Nc3 Bb7 5. Bg5 Bb4 6. Qb3 c5 7. a3 Bxc3+ 8.
Qxc3 h6 9. Bh4 g5 10. Bg3 Ne4 11. Qd3 Nxg3 12. hxg3 Qf6 13. dxc5 $5 bxc5 14.
O-O-O g4 15. Nh2 h5 16. Qd6 $6 Qg5+ 17. Rd2 Rg8 18. f4 Qe7 19. Qe5 f5 20. Rd6
$2 {Van Wely makes a funny move.} ({The development proceeds with} 20. e3)
20... Nc6 21. Qxc5 Na5 $1 22. Qb4 Nxc4 $1 {It's hopeless!} 23. Qxb7 Qxd6 24.
Qxa8+ Ke7 25. Qb7 ({The pointe shows} 25. Qxg8 Qd2+ 26. Kb1 Qxb2#) 25... Rb8
0-1

[Event "Corus"]
[Site "Wijk aan Zee 66"]
[Date "2004.01.24"]
[Round "12"]
[White "Topalov, Veselin"]
[Black "Anand, Viswanathan"]
[Result "1-0"]
[WhiteElo "2735"]
[BlackElo "2766"]
[Annotator "JvR"]
[PlyCount "87"]
[EventDate "2004.??.??"]
[EventCountry "NED"]

1. e4 c5 2. Nf3 d6 3. d4 cxd4 4. Nxd4 Nf6 5. Nc3 a6 6. f3 e6 7. Be3 b5 8. g4
Nfd7 9. Qd2 Nb6 10. a4 bxa4 11. Nxa4 Nxa4 12. Rxa4 Be7 13. g5 $5 O-O 14. h4 Bd7
$5 15. Ra1 Nc6 16. Rxa6 Qc7 $6 {The exchange of rooks is preferable.} 17. Kf2
Nxd4 18. Bxd4 e5 19. Be3 Rxa6 20. Bxa6 f5 21. gxf6 Bxf6 22. Qd5+ Kh8 23. Bc4
Be8 24. Be2 Bf7 25. Qd2 Bh5 26. b3 Qe7 27. Kg2 Qf7 ({Not} 27... Bxh4 28. Rxh4
Qxh4 29. Bg5) 28. Rh3 Be7 29. b4 h6 30. b5 Qg6+ 31. Kh2 Qe6 32. Qd3 Be8 33. Qb3
Qc8 ({Or} 33... Qxb3 34. cxb3 Bd7 35. b6 $1 {and White wins.}) 34. b6 $2 Bf7
35. Qb1 Qc3 $2 {Black misses the opportunity.} ({Right is} 35... Be6 $1 36. b7
Qc3 $1 {(Anand)} 37. Ba7 Bxh3 $1 38. Kxh3 Rxf3+ 39. Kg2 Rg3+ 40. Kf2 Bxh4 $1
41. b8=Q+ Kh7 42. Kf1 Rg1+ $1 43. Kxg1 Qg3+ $11) 36. Bd3 $1 Rb8 37. Qg1 $1 Bc4
38. Qg6 $1 Bxd3 39. Rg3 $1 Bf6 40. cxd3 Rxb6 41. Bxb6 Qb2+ 42. Rg2 Qxb6 43. Rc2
Bd8 44. h5 {Anand won the event despite this loss.} 1-0

[Event "Corus"]
[Site "Wijk aan Zee 66"]
[Date "2004.01.25"]
[Round "13"]
[White "Kramnik, Vladimir"]
[Black "Leko, Peter"]
[Result "1/2-1/2"]
[WhiteElo "2777"]
[BlackElo "2722"]
[Annotator "JvR"]
[PlyCount "129"]
[EventDate "2004.??.??"]
[EventCountry "NED"]

1. d4 Nf6 2. c4 e6 3. Nf3 b6 4. g3 Ba6 5. b3 Bb4+ 6. Bd2 Be7 7. Bg2 c6 8. Ne5
d5 9. Bc3 O-O 10. Nd2 c5 11. dxc5 Bxc5 12. O-O Bb7 13. e3 Be7 14. Rc1 Nbd7 15.
Nxd7 Qxd7 16. Bxf6 Bxf6 17. cxd5 exd5 18. Ne4 Be5 19. Qd3 Rad8 20. Ng5 g6 21.
Nf3 Bf6 22. Rfd1 Rc8 23. Nd4 Rxc1 24. Rxc1 Rc8 25. Rd1 Qc7 26. Ne2 Qc2 27. Nf4
Qxa2 28. Nxd5 Bxd5 29. Bxd5 Rc7 30. Bc4 Qa3 31. e4 b5 32. Bxb5 Rc3 33. Qd7 Qxb3
34. e5 Be7 35. Be2 Qe6 36. Qxe6 fxe6 37. Rd7 Kf8 $2 ({Correct is} 37... Bc5 $1
38. Bg4 Rc2 39. Bxe6+ Kh8 40. Rf7 Re2 {(Kramnik).}) 38. Rxa7 Rc2 39. Kf1 Rc1+
40. Kg2 Rc2 41. Kf3 g5 42. Ra8+ Kg7 43. Bd3 Rc5 44. Ke4 Rc6 45. f4 gxf4 46.
gxf4 Kf7 47. Ra4 Bd8 48. Bc4 Ke7 49. Kd3 Bc7 50. Ra8 Bd8 51. Ra7+ Bc7 52. Bb5
Rc5 53. Kd4 Rd5+ 54. Kc4 Kd8 55. f5 $2 ({The encirclement} 55. Ra8+ Ke7 56. Rh8
{might win (Kramnik).}) 55... Rd4+ 56. Kc5 Rd5+ 57. Kc4 Rd4+ 58. Kxd4 Bb6+ 59.
Kd3 Bxa7 60. f6 Bg1 61. h3 Bc5 62. Ke4 Ba3 63. h4 Bb2 64. Kf4 h6 65. Bc4 {Lékó
and Adams ended at the second place, half-a-point behind Anand.} 1/2-1/2

[Event "Corus C"]
[Site "Wijk aan Zee 66"]
[Date "2004.01.24"]
[Round "12"]
[White "Carlsen, Magnus"]
[Black "Ernst, Sipke"]
[Result "1-0"]
[WhiteElo "2484"]
[BlackElo "2474"]
[Annotator "JvR"]
[PlyCount "57"]
[EventDate "2004.??.??"]
[EventCountry "NED"]

1. e4 c6 2. d4 d5 3. Nc3 dxe4 4. Nxe4 Bf5 5. Ng3 Bg6 6. h4 h6 7. Nf3 Nd7 8. h5
Bh7 9. Bd3 Bxd3 10. Qxd3 e6 11. Bf4 Ngf6 12. O-O-O Be7 13. Ne4 Qa5 14. Kb1 O-O
15. Nxf6+ Nxf6 16. Ne5 Rad8 17. Qe2 c5 $2 {The 13-year-old Magnus Carlsen
knows the opening until this move.} 18. Ng6 $1 fxg6 $2 19. Qxe6+ Kh8 20. hxg6
$1 Ng8 21. Bxh6 $1 gxh6 22. Rxh6+ $1 Nxh6 23. Qxe7 Nf7 24. gxf7 $1 {White
plays a new move!} ({Known is} 24. Qf6+ Kg8 25. Rh1 Nh6 26. Qe7 Nf7 27. Qf6 $4
(27. Rh5 $1 {wins}) 27... Nh6 28. Qe7 Nf7 {drawn (Almagro Ilanos - Gustafsson,
Madrid 2003).}) 24... Kg7 25. Rd3 Rd6 ({Or} 25... Qb6 26. Rg3+ Qg6 27. Rxg6+
Kxg6 28. d5 {and White wins (Carlsen).}) 26. Rg3+ Rg6 27. Qe5+ Kxf7 28. Qf5+
Rf6 29. Qd7# {Carlsen had defeated his main rival by an epaullettes mate in
the penultimate round! He was on his way to win the C group.} 1-0

[Event "Corus"]
[Site "Wijk aan Zee 67"]
[Date "2005.01.15"]
[Round "1"]
[White "Nikolic, Predrag"]
[Black "Stellwagen, Daniel"]
[Result "0-1"]
[WhiteElo "2676"]
[BlackElo "2524"]
[Annotator "JvR"]
[PlyCount "102"]
[EventDate "2005.??.??"]
[EventCountry "NED"]

{Corus 2005 was played from 14-30 i. One game has been selected per round:
eleven games from the A-group and two from B.} 1. d4 Nf6 2. c4 c5 3. d5 e6 4.
Nc3 exd5 5. cxd5 d6 6. g3 g6 7. Bg2 Bg7 8. Nf3 O-O 9. O-O Re8 10. a4 Na6 11.
Nd2 Nc7 12. Nc4 b6 13. Nxd6 $5 Qxd6 14. Bf4 Qd7 15. d6 Ne6 16. Bxa8 Nxf4 17.
gxf4 Qg4+ 18. Kh1 Qxf4 19. e3 $5 {Nikolic plays a new move.} Qh4 20. f3 Bd7 21.
Bb7 Rxe3 22. Re1 Bh6 23. Rxe3 Bxe3 24. Qe1 Qg5 25. Rd1 Bd4 26. Ne4 Nxe4 27.
Qxe4 Bh3 $6 {Black breaks the dynamic equality.} ({Better is} 27... Bxa4 $1 {
(Stellwagen)} 28. f4 $1 Qf6 29. h3 $1 Bd7 30. Qe7) 28. f4 $1 Qg4 29. Qd3 $2 {
The tables turn at a critical moment.} (29. Re1 $1 Bf2 30. Ra1 $1 {(Stellwagen)
} Qd7 31. Qe7 {keeps a plus.}) 29... Qd7 $1 30. Bg2 Bf5 31. Qa6 Qxd6 32. Qxa7
Qxf4 33. Rf1 Qh4 34. Qb8+ Kg7 35. b3 Be6 36. Qd6 Bxb3 37. Bd5 Bxd5+ 38. Qxd5
Qe7 39. Qf3 Qd7 40. Kg2 h5 41. Rb1 Qxa4 42. Rxb6 Qc2+ 43. Kf1 Qxh2 44. Rb7 Bf6
45. Qd5 Qf4+ 46. Ke2 Bd4 47. Rb3 h4 48. Qb7 Qf2+ 49. Kd1 Qf1+ 50. Kd2 c4 51.
Rf3 c3+ {Stellwagen started well in the B-group, but he became handicapped by
a flu.} 0-1

[Event "Corus"]
[Site "Wijk aan Zee 67"]
[Date "2005.01.16"]
[Round "2"]
[White "Anand, Viswanathan"]
[Black "Leko, Peter"]
[Result "0-1"]
[WhiteElo "2786"]
[BlackElo "2749"]
[Annotator "JvR"]
[PlyCount "114"]
[EventDate "2005.??.??"]
[EventCountry "NED"]

1. e4 c5 2. Nf3 Nc6 3. d4 cxd4 4. Nxd4 Nf6 5. Nc3 e5 6. Ndb5 d6 7. Bg5 a6 8.
Na3 b5 9. Bxf6 gxf6 10. Nd5 f5 11. c3 Bg7 12. exf5 Bxf5 13. Nc2 O-O 14. Nce3
Be6 15. Bd3 f5 16. O-O Ra7 17. a4 Ne7 18. Nxe7+ Rxe7 19. axb5 axb5 20. Bxb5 d5
21. Ra6 f4 22. Nc2 $5 Bc8 $5 {Lékó brings a chancy novelty.} 23. Ra8 Qd6 24.
Nb4 Bb7 25. Ra7 $5 (25. Rxf8+ Bxf8 26. Bc4 {(Lékó) is solid.}) 25... d4 26. Ba6
$2 (26. Bc6 $5 {leads to exchanges.}) 26... Bxg2 $3 27. Bc4+ ({Or} 27. Rxe7 Qg6
{(Lékó).}) 27... Kh8 28. Ra6 Qc5 29. Kxg2 f3+ 30. Kh1 Qxc4 31. Rc6 Qb5 32. Rd6
e4 33. Rxd4 {33. .. e3 was threatening.} Bxd4 34. Qxd4+ Qe5 35. Qxe5+ Rxe5 36.
Nc2 Rb8 37. Ne3 Rc5 38. h3 Rxb2 39. c4 Rg5 40. Kh2 Kg8 41. h4 Rg6 42. Kh3 Kf7
43. Nf5 Rc2 44. Ne3 Rd2 45. c5 Ke6 46. c6 Rg8 47. c7 Rc8 48. Kg3 Rxc7 49. Kf4
Rd4 50. Ra1 Rf7+ 51. Kg3 Rd8 52. Ra6+ Ke5 53. Ng4+ Kd5 54. Nf6+ Rxf6 55. Rxf6
Ke5 56. Rh6 Rg8+ 57. Kh3 e3 {This game decided the contest eventually.} 0-1

[Event "Corus"]
[Site "Wijk aan Zee 67"]
[Date "2005.01.17"]
[Round "3"]
[White "Leko, Peter"]
[Black "Svidler, Peter"]
[Result "1-0"]
[WhiteElo "2749"]
[BlackElo "2735"]
[Annotator "JvR"]
[PlyCount "113"]
[EventDate "2005.??.??"]
[EventCountry "NED"]

1. e4 c5 2. Nf3 d6 3. d4 cxd4 4. Nxd4 Nf6 5. Nc3 a6 6. f3 e5 7. Nb3 Be6 8. Be3
Be7 9. Qd2 O-O 10. O-O-O Nbd7 11. g4 Qc7 12. Kb1 b5 13. g5 Nh5 14. Nd5 Bxd5 15.
exd5 Nb6 16. Rg1 Rab8 17. Rg4 g6 $5 (17... Rfc8 {was played in Lukin -
Khasanov, Moscow 1983.}) 18. h4 Ng7 $5 ({Better is} 18... f5 $5 {(Lékó)} 19.
Rb4 Ng3 $1) 19. Bxb6 Qxb6 20. Na5 {White has ceased the protection of square
f4 in order to attack the queenside.} Rfc8 $2 {Black makes a strategic error.}
(20... Nh5 21. Nc6 Rb7 {prepares a counter on the kingside.}) 21. Nc6 $1 Rxc6
$5 22. dxc6 Nf5 $5 23. Re4 Qxc6 24. Bg2 $1 Rd8 25. f4 Qc5 26. Qe1 Rc8 27. c3 b4
$1 28. Rxb4 Ne3 29. Rd2 a5 30. Re4 $1 Nc4 31. Rxc4 Qxc4 32. fxe5 Qe6 33. Re2 d5
34. Qf1 Qa6 35. Rd2 Qc4 36. Rd4 Qxf1+ 37. Bxf1 Rd8 38. b4 axb4 39. cxb4 Bf8 40.
Bg2 Re8 41. Bxd5 Rxe5 42. a4 Kg7 43. Bb3 h6 44. gxh6+ Kxh6 45. Bxf7 g5 46. h5
Re7 47. Bg6 Ra7 48. b5 Bc5 49. Rc4 Bf2 50. Kc2 Re7 51. Kb3 Re5 52. Re4 Rc5 53.
Kb4 Rc1 54. Ka5 Rg1 55. b6 g4 56. b7 Rb1 57. Re2 1-0

[Event "Corus"]
[Site "Wijk aan Zee 67"]
[Date "2005.01.18"]
[Round "4"]
[White "Kramnik, Vladimir"]
[Black "Sokolov, Ivan"]
[Result "1-0"]
[WhiteElo "2754"]
[BlackElo "2685"]
[Annotator "JvR"]
[PlyCount "71"]
[EventDate "2005.??.??"]
[EventCountry "NED"]

1. e4 e5 2. Nf3 Nc6 3. Bb5 a6 4. Ba4 Nf6 5. O-O Be7 6. Re1 b5 7. Bb3 d6 8. c3
O-O 9. h3 Na5 10. Bc2 c5 11. d4 cxd4 12. cxd4 Bb7 13. d5 Rc8 14. Nbd2 Qc7 15.
Bd3 Nd7 16. Nf1 Nc5 17. b3 f5 18. exf5 Bf6 $5 {Sokolov plays a doubtful
novelty.} 19. Be4 Qf7 20. Ng3 Nxe4 21. Nxe4 Qxd5 22. Bd2 $1 {Black gets no
time to consolidate.} Nc6 23. Bg5 $1 Nb4 ({A fine alternative brings} 23... Nb8
$5) 24. Bxf6 gxf6 25. Nxd6 $1 {White gains a pawn at positional costs.} Qxd1
26. Rexd1 Bxf3 27. gxf3 Rc3 28. a4 Rxb3 $2 ({Right is} 28... Rxf3 $1 29. axb5
axb5 {and the immediate} 30. Kh2 {fails (Kramnik).}) 29. axb5 axb5 30. Kh2 $1
Kg7 31. Rg1+ Kh6 32. Rg4 $6 ({Better is} 32. Ra7 $1 Nc6 33. Nf7+ Kh5 34. Rg7 h6
35. Rg6 $1 Rxf7 36. Rxf7 Nd4 37. Rgxf6 {(Kramnik).}) 32... Nc6 33. Rag1 Kh5 $2
(33... Rb4 $1 34. Nxb5 $5 Rd8 {gives a fine resistance (Kramnik).}) 34. Rg7 h6
35. Ne4 Rxf3 36. R1g4 {The world champion played fine chess in some games
during this tournament.} 1-0

[Event "Corus"]
[Site "Wijk aan Zee 67"]
[Date "2005.01.20"]
[Round "5"]
[White "Ramirez Alvarez, Alejandro"]
[Black "Smeets, Jan"]
[Result "0-1"]
[WhiteElo "2507"]
[BlackElo "2475"]
[Annotator "JvR"]
[PlyCount "116"]
[EventDate "2005.??.??"]
[EventCountry "NED"]

1. c4 Nf6 2. Nc3 e5 3. g3 Bb4 4. Bg2 O-O 5. Nf3 Re8 6. O-O c6 7. d3 h6 8. Bd2
a6 $5 {Both youngsters choose quiet moves.} 9. Rc1 Bf8 10. Qb3 d6 11. a4 $6 {
White will lose control over square b4.} a5 $1 12. Rfd1 Na6 $1 13. d4 exd4 14.
Nxd4 Nc5 15. Qc2 Bg4 16. Be3 $6 Qb6 17. Nf5 Bxf5 18. Qxf5 Rxe3 $1 19. fxe3 Qxb2
{Black has sufficient compensation for the exchange.} 20. Rc2 Qb6 21. Rb1 Qa7
22. h3 Re8 23. Qf2 Qa6 $1 24. Nd1 $2 ({Right is} 24. Qf4 $1 {(Ribli).}) 24...
Nxa4 25. Nb2 Qb6 26. e4 Qb3 27. Rcc1 Nxb2 28. e3 $1 Nxe4 29. Rxb2 $1 Qa3 30.
Bxe4 Rxe4 31. Re1 Re7 $1 32. Ree2 Qc5 33. Qf4 a4 34. Qd4 Qa5 $5 35. Qb6 Qc3 36.
Qb4 Qxb4 37. Rxb4 Re4 38. Rxb7 ({Or} 38. Rxa4 b5 $1) 38... Rxc4 39. Ra7 d5 40.
Kf2 a3 41. Ra8 g6 42. Ke1 Rc1+ 43. Kf2 Kg7 44. Ra4 Kf6 45. Re1 Rc2+ 46. Re2 Rc3
47. Ke1 Ke5 48. Kd2 Rb3 49. Kc2 Rb2+ 50. Kd3 Rb1 51. h4 Bb4 52. Kc2 Rb2+ 53.
Kd3 Rb3+ 54. Kc2 Rc3+ 55. Kd2 c5 56. g4 Ke4 57. g5 hxg5 58. hxg5 Kf3 {Smeets
shared second place in group B.} 0-1

[Event "Corus"]
[Site "Wijk aan Zee 67"]
[Date "2005.01.21"]
[Round "6"]
[White "Anand, Viswanathan"]
[Black "Ponomariov, Ruslan"]
[Result "1-0"]
[WhiteElo "2786"]
[BlackElo "2700"]
[Annotator "JvR"]
[PlyCount "123"]
[EventDate "2005.??.??"]
[EventCountry "NED"]

1. e4 c5 2. Nf3 d6 3. d4 cxd4 4. Nxd4 Nf6 5. Nc3 a6 6. f3 Qb6 7. Nb3 e6 8. Bf4
$5 Nbd7 $5 ({Known is} 8... Be7) 9. g4 $5 (9. Qd2 $1 Be7 10. O-O-O {develops
quickly.}) 9... Be7 10. Qe2 h6 11. h4 Qc7 12. O-O-O b5 13. a3 $5 Rb8 14. Qg2
Nc5 ({Or} 14... b4 $1 15. axb4 Rxb4 {(Anand).}) 15. g5 $6 Nh5 16. Be3 Na4 $6 ({
Right is} 16... Nxb3+ 17. cxb3 b4 18. axb4 Rxb4 19. Bc4 {(Anand).}) 17. Rd3 g6
18. Kb1 Bb7 19. Be2 e5 $2 (19... d5 $1 20. exd5 Nxc3+ 21. Rxc3 Qg3 22. Qf1 Bxd5
{fights back.}) 20. Qf2 Bc6 21. gxh6 $1 Nb6 $6 22. f4 $1 Nf6 $6 23. fxe5 dxe5
24. Rf1 O-O 25. Nc5 Bb7 26. Ne6 $1 fxe6 27. Bxb6 Qc6 28. Qg1 Kh7 29. Rdf3 Qe8
30. Bc5 Bxc5 31. Qxc5 Nd7 32. Qe3 Qe7 33. Qg5 Qxg5 34. Rf7+ $1 Rxf7 35. Rxf7+
Kh8 36. hxg5 Bc6 37. b4 Nf8 38. Rf6 Kg8 39. Bg4 Bd7 40. Kb2 Re8 41. Nd1 Re7 42.
Nf2 Be8 43. Rf3 Rf7 44. Rxf7 Kxf7 45. Kc3 Nh7 46. Nh3 Bc6 47. Kd3 Ke7 48. Ke3
Kd6 49. Be2 Ke7 50. Bd3 Kd6 51. Kf3 Ke7 52. Kg4 Nf8 53. Ng1 Nh7 54. Nf3 Kd6 55.
Kg3 Be8 56. Kf2 Bc6 57. Ke3 Bd7 58. c4 bxc4 59. Bxc4 Bc8 60. a4 Bb7 61. a5 Bc8
62. Bd3 1-0

[Event "Corus"]
[Site "Wijk aan Zee 67"]
[Date "2005.01.22"]
[Round "7"]
[White "Ponomariov, Ruslan"]
[Black "Kramnik, Vladimir"]
[Result "1/2-1/2"]
[WhiteElo "2700"]
[BlackElo "2754"]
[Annotator "JvR"]
[PlyCount "90"]
[EventDate "2005.??.??"]
[EventCountry "NED"]

1. e4 c5 2. Nf3 Nc6 3. d4 cxd4 4. Nxd4 Nf6 5. Nc3 e5 6. Ndb5 d6 7. Bg5 a6 8.
Na3 b5 9. Nd5 Be7 10. Bxf6 Bxf6 11. c3 Bg5 12. Nc2 O-O 13. a4 bxa4 14. Rxa4 a5
15. Bc4 Rb8 16. Ra2 Kh8 17. Nce3 g6 18. h4 Bxh4 19. g3 Bf6 20. b3 Bg7 21. f4
exf4 22. gxf4 Re8 23. Qf3 Kg8 $5 ({Kramnik diverts from} 23... h6 {(Maki -
Holmsten, Vammala 1999).}) 24. Rah2 h5 $2 ({Correct is} 24... h6) 25. Rxh5 $2 {
The brilliant rook sacrifice draws.} ({White misses the win by} 25. Qg2 $3 {
(threatens f5)} Ne7 26. Nxe7+ Qxe7 27. Qxg6 Bg4 {(Ponomariov), and now} 28.
Rxh5 Bxh5 29. Rxh5 {Black cannot duck the threat of 30. Bxf7+! Qxf7 31. Rh8+!})
25... gxh5 26. Qxh5 Re6 27. Qh7+ (27. Rg1 Kf8 28. Rxg7 $1 Kxg7 29. Nf5+ Kg8 30.
Nh6+ Kg7 {draws (Kramnik).}) 27... Kf8 28. Rg1 (28. Kf2 Rg6 29. Nf5 Ne5 $1 30.
fxe5 Qg5 31. Nf6 Qd2+ 32. Kf1 Qf4+ 33. Ke1 Qc1+ {also draws (Ponomariov).})
28... Rg6 29. Rxg6 fxg6 30. f5 $1 Qg5 31. Nf4 $1 Ne7 $1 ({Not} 31... Qxf4 32.
Qg8+ Ke7 33. Nd5+) 32. Nxg6+ Ke8 33. Nd5 $1 Qg1+ 34. Kd2 Qg5+ 35. Ke1 Bf6 $5
36. Ngxe7 Bxe7 37. Qh8+ Kd7 38. f6 Qg3+ ({Bypasses} 38... Bd8 $2 39. Bb5+ $1
Rxb5 40. Qg7+ Qxg7 41. fxg7 {(Ponomariov).}) 39. Ke2 Qg2+ 40. Ke3 Qg3+ 41. Ke2
Qg4+ 42. Kf2 $5 Bd8 43. Bf1 $1 Kc6 44. Qxd8 Qh4+ 45. Kg1 ({Not} 45. Ke3 $2 Qe1+
46. Be2 Qxe2+ $1 47. Kxe2 Bg4+ {(Ponomariov).}) 45... Qg3+ {Perpetual check
ends an exciting game.} 1/2-1/2